Arsenal Squad 25/26 - Statistics

General Stats
  • This quiz has been taken 207 times
    173 since last reset
  • The average score is 21 of 25
Answer Stats
# Nation Former Club Answer % Correct
1 Spain Brentford David Raya
97%
8 Norway Real Sociedad Martin Odegaard
97%
2 France Saint-Etienne William Saliba
97%
7 England Youth Bukayo Saka
96%
14 Sweden Sporting Viktor Gyokeres
94%
6 Brazil Lille Gabriel
92%
29 Germany Chelsea Kai Havertz
92%
10 England Crystal Palace Eberechi Eze
91%
11 Brazil Ituano FC Gabriel Martinelli
91%
33 Italy Bologna Riccardo Calafiori
91%
41 England West Ham Declan Rice
90%
9 Brazil Man City Gabriel Jesus
90%
12 Netherlands Ajax Jurrien Timber
89%
36 Spain Real Sociedad Martin Zubimendi
89%
5 Ecuador Leverkusen Piero Hincapie
85%
19 Belgium Brighton Leandro Trossard
83%
20 England Chelsea Noni Madueke
83%
4 England Brighton Ben White
81%
49 England Youth Myles Lewis-Skelly
81%
23 Spain Real Sociedad Mikel Merino
78%
16 Denmark Brentford Christian Norgaard
72%
3 Spain Valencia Cristhian Mosquera
72%
22 England Youth Ethan Nwaneri
72%
13 Spain Chelsea Kepa
72%
56 England Youth Max Dowman
62%
No matching quizzes found
Score Distribution
Percent of People with Each Score
Percentile by Number Answered
Your Score History
You have not taken this quiz since the last reset